Sefer Sheʼelot u-teshuvot Yabiʻa omer : (Record no. 33619)

MARC details
000 -LEADER
fixed length control field 02122cam a22003971a 4500
001 - CONTROL NUMBER
control field he 68002486
003 - CONTROL NUMBER IDENTIFIER
control field DLC
005 - DATE AND TIME OF LATEST TRANSACTION
control field 20260227111502.0
008 - FIXED-LENGTH DATA ELEMENTS--GENERAL INFORMATION
fixed length control field 970826m19649999is 000 0 hebo
010 ## - LIBRARY OF CONGRESS CONTROL NUMBER
LC control number he 68002486
035 ## - SYSTEM CONTROL NUMBER
System control number (CStRLIN)DCLH97-B1614
040 ## - CATALOGING SOURCE
Original cataloging agency DLC
Transcribing agency DLC
Modifying agency DLC-R
-- DLC
050 00 - LIBRARY OF CONGRESS CALL NUMBER
Classification number BM522.93
Item number .O8 1963
066 ## - CHARACTER SETS PRESENT
Alternate G0 or G1 character set (2
100 1# - MAIN ENTRY--PERSONAL NAME
Linkage 880-01
Personal name Yosef, Ovadia.
240 10 - UNIFORM TITLE
Linkage 880-02
Uniform title Sheʼelot u-teshuvot Yabiʻa omer
245 10 - TITLE STATEMENT
Linkage 880-03
Title Sefer Sheʼelot u-teshuvot Yabiʻa omer :
Remainder of title kolel sheʼelot u-teshuvot ṿe-ḥiḳre halakhot u-verure dinim la-halakhah ule-maʻaśeh : ʻal arbaʻah ḥelḳe ha-Shulḥan ʻarukh ... /
Statement of responsibility, etc. ḥibartiṿ ṿa-ʻarakhtiṿ ʻOvadyah Yosef.
246 30 - VARYING FORM OF TITLE
Linkage 880-04
Title proper/short title Sheʼelot u-teshuvot Yabiʻa omer
246 1# - VARYING FORM OF TITLE
Linkage 880-05
Display text Vol. 7-<11> have title:
Title proper/short title Sefer Yabiʻa omer
246 17 - VARYING FORM OF TITLE
Linkage 880-06
Title proper/short title Yabiʻa omer
246 18 - VARYING FORM OF TITLE
Linkage 880-07
Title proper/short title Shut Yabiʻa omer
260 ## - PUBLICATION, DISTRIBUTION, ETC.
Linkage 880-08
Place of publication, distribution, etc. Yerushalayim :
Name of publisher, distributor, etc. ha-Yeshivah ha-gedolah "Porat Yosef" be-siyuʻa Mosad ha-Rav Ḳuḳ,
Date of publication, distribution, etc. <724-769 [1963 or 1964-2009]>
300 ## - PHYSICAL DESCRIPTION
Extent v. <4-11> ;
Dimensions 35 cm.
500 ## - GENERAL NOTE
General note "Mahadurat Rennerṭ"--V. 11.
500 ## - GENERAL NOTE
General note Vol. 9-<11> published: Mekhon "Meʼor Yiśraʼel."
500 ## - GENERAL NOTE
General note Vol. 11 called "Ḥeleḳ ha-mafteḥot."
650 #0 - SUBJECT ADDED ENTRY--TOPICAL TERM
Topical term or geographic name entry element Responsa
Chronological subdivision 1800-1948.
880 1# - ALTERNATE GRAPHIC REPRESENTATION
Linkage 100-01/(2/r
a יוסף, עובדיה.
880 10 - ALTERNATE GRAPHIC REPRESENTATION
Linkage 240-02/(2/r
a שאלות ותשובות יביע אומר
880 10 - ALTERNATE GRAPHIC REPRESENTATION
Linkage 245-03/(2/r
a ספר שאלות ותשובות יביע אומר :
b כולל שאלות ותשובות וחקרי הלכות ובירורי דינים להלכה ולמעשה : על ארבעה חלקי השלחן ערוך ... /
c חברתיו וערכתיו עובדיה יוסף.
880 30 - ALTERNATE GRAPHIC REPRESENTATION
Linkage 246-04/(2/r
a שאלות ותשובות יביע אומר
880 1# - ALTERNATE GRAPHIC REPRESENTATION
Linkage 246-05/(2/r
i Vol. 7-<11> have title:
a ספר יביע אומר
880 17 - ALTERNATE GRAPHIC REPRESENTATION
Linkage 246-06/(2/r
a יביע אומר
880 18 - ALTERNATE GRAPHIC REPRESENTATION
Linkage 246-07/(2/r
a שו״ת יביע אומר
880 ## - ALTERNATE GRAPHIC REPRESENTATION
Linkage 260-08/(2/r
a ירושלים :
b הישיבה הגדולה ״פורת יוסף״ בסיוע מוסד הרב קוק,
c <724-769 [1963 or 1964-2009]>

No items available.

Powered by Koha